000 00669nam a2200241Ia 4500
003 OSt
005 20220918205603.0
006 a|||||r|||| 00| 0
007 ta
008 220917b |||||||| |||| 00| 0 eng d
024 _a117,158
037 _cTextual
040 _aARTS
_cARTS
_beng
041 _2eng
_aeng
082 _aV637CL:21wL86, K9
100 _aBecker Peter
_9115552
245 0 _aHill of destiny
_b the life and times of Moshesh founder of Basotho
260 _aLondon
_bLongman
_c1969
300 _axx,294p.
_ccm.
650 _aHISTORY
942 _hV637CL:21wL86, K9
_cTEXL
_2CC
999 _c240446
_d240446